Fables

Uloženo v:
Podrobná bibliografie
Hlavní autor: La Fontaine
Médium: Kniha
Jazyk:Undetermined
Vydáno: París, Francia Gallimard 1964
Témata:
Tagy: Přidat tag
Žádné tagy, Buďte první, kdo vytvoří štítek k tomuto záznamu!

MARC

LEADER 00000nam a2200000Ia 4500
008 170316s9999 xx 000 0 und d
040 |a cru BVZT 
090 |a 840 F-6.1f 
100 |a La Fontaine 
245 |a Fables 
260 |a París, Francia 
260 |b Gallimard 
260 |c 1964 
300 |a 505 páginas 
650 |a LITERATURA FRANCESA 
650 |a FABULAS EN FRANCÉS 
999 |c 7685  |d 7685 
942 |c 15 D  |h 840 F-6.1f  |2 z